[Event "Reykjavik Open 2024"]
[Site "Reykjavik ISL"]
[Date "2024.03.20"]
[Round "8.101"]
[White "Bik, Wouter"]
[Black "Jonsson, Olafur Gisli"]
[Result "1/2-1/2"]
[WhiteElo "1998"]
[BlackElo "1849"]
[WhiteFideId "1037749"]
[BlackFideId "2302705"]
[EventDate "2024.03.15"]

1. g3 d5 2. Bg2 Nf6 3. c4 c6 4. d4 Bf5 5. Nf3 h6 6. O-O e6 7. Nc3 Nbd7 8. Nd2
Be7 9. e4 dxe4 10. Ndxe4 Nxe4 11. Nxe4 Nf6 12. Nc3 O-O 13. Bf4 Qb6 14. Na4 Qa5
15. Re1 Rad8 16. Re5 Qa6 17. Bf1 b6 18. c5 Qb7 19. cxb6 axb6 20. Bg2 Nd5 21.
Bxd5 Rxd5 22. Rxd5 cxd5 23. Rc1 Bf6 24. Rc7 Qa6 25. b3 Bh3 26. Rc1 Bf5 27. g4
Be4 28. f3 Bd3 29. Be5 Be2 30. Qd2 Bxe5 31. dxe5 Bxf3 32. h3 Be4 33. Qf2 Bg6 34.
Nxb6 Qd3 35. Kh2 Rb8 36. Rc8+ Rxc8 37. Nxc8 Qc3 38. Ne7+ Kh7 39. Nxg6 fxg6 40.
Qe2 d4 41. h4 Kg8 1/2-1/2

[Event "Reykjavik Open 2024"]
[Site "Reykjavik ISL"]
[Date "2024.03.20"]
[Round "8.102"]
[White "Frank, Anton 2006"]
[Black "Demir, Hilmi Mustafa"]
[Result "0-1"]
[WhiteElo "1996"]
[BlackElo "1842"]
[WhiteFideId "1752383"]
[BlackFideId "6303099"]
[EventDate "2024.03.15"]

1. d4 d5 2. Nc3 Nf6 3. Bf4 e6 4. Nb5 Na6 5. e3 Be7 6. Nf3 O-O 7. h4 c6 8. Nc3 c5
9. Bxa6 bxa6 10. dxc5 Bxc5 11. O-O Bb7 12. Qe2 Qe7 13. Rfd1 Rac8 14. a3 Rfd8 15.
Be5 Ne4 16. Na4 f6 17. Bd4 Bd6 18. Ne1 Bb8 19. b3 Qc7 20. g3 e5 21. Bb2 Qf7 22.
Rac1 Qg6 23. Ng2 Nc5 24. Nxc5 Rxc5 25. c4 Qf7 26. b4 Rcc8 27. c5 Qc7 28. a4 Qe7
29. Ba3 Qe6 30. b5 axb5 31. axb5 a6 32. c6 Ba8 33. bxa6 Rxc6 34. Rxc6 Bxc6 35.
Rc1 Qd7 36. Qa2 Ba7 37. Ne1 h5 38. Qe2 d4 39. e4 d3 40. Qa2+ Kh7 41. Qd2 Qd4 42.
Kf1 Qxe4 43. f3 Qd4 44. Qxd3+ Qxd3+ 45. Nxd3 Rxd3 46. Bf8 Bxf3 47. Ke1 Bd4 48.
Bc5 Bxc5 49. Rxc5 Ra3 50. Kf2 Ba8 51. Rc4 Rxa6 52. g4 hxg4 53. Rxg4 f5 54. Rb4
f4 55. h5 e4 56. h6 e3+ 57. Ke1 Bf3 58. Rb1 Rxh6 0-1

[Event "Reykjavik Open 2024"]
[Site "Reykjavik ISL"]
[Date "2024.03.20"]
[Round "8.103"]
[White "Ostensson, Julia"]
[Black "Keenan, Alex"]
[Result "1-0"]
[WhiteElo "1996"]
[BlackElo "1839"]
[WhiteFideId "1747703"]
[BlackFideId "2409518"]
[EventDate "2024.03.15"]

1. e4 Nf6 2. e5 Nd5 3. c4 Nb6 4. d4 d6 5. exd6 cxd6 6. Be2 g6 7. Be3 Bg7 8. Nf3
O-O 9. O-O Nc6 10. h3 Bf5 11. Nc3 d5 12. c5 Nc4 13. Bg5 h6 14. Be3 Nxe3 15. fxe3
h5 16. Qb3 Bh6 17. Nxd5 Na5 18. Qc3 Qxd5 19. Qxa5 Bxe3+ 20. Kh1 Be4 21. Rad1 Bh6
22. Qc3 Rac8 23. Bc4 Qd8 24. Qb3 e6 25. Rde1 Bd5 26. Bxd5 Qxd5 27. Qxd5 exd5 28.
Re7 b6 29. b4 bxc5 30. dxc5 a5 31. a3 axb4 32. axb4 Rb8 33. Rb1 Rfc8 34. Ne5
Rxc5 35. Nd7 Rxb4 36. Rxb4 Rc1+ 37. Kh2 1-0

[Event "Reykjavik Open 2024"]
[Site "Reykjavik ISL"]
[Date "2024.03.20"]
[Round "8.104"]
[White "Oskarsson, Markus Orri"]
[Black "Andersen, Lars Christoff"]
[Result "0-1"]
[WhiteElo "1816"]
[BlackElo "1993"]
[WhiteFideId "2320118"]
[BlackFideId "1412760"]
[EventDate "2024.03.15"]

1. d4 e6 2. Nc3 Nf6 3. Bf4 Bb4 4. Qd3 b6 5. O-O-O Bb7 6. a3 Bxc3 7. Qxc3 Nc6 8.
Qh3 Ne4 9. f3 Qf6 10. Bg3 Qg5+ 11. f4 Qd5 12. Kb1 Na5 13. e3 Nc4 14. Be1 Ned6
15. Bb4 c5 16. Be1 Qe4 17. Bf2 Rc8 18. Qf3 cxd4 19. Rxd4 Nxa3+ 20. Ka2 Qxd4 21.
Qxb7 Nxb7 22. exd4 Rxc2 23. Be1 Nc4 24. Bd3 Rxb2+ 25. Ka1 Nbd6 26. Nf3 Rb3 27.
Bc2 Ra3+ 28. Kb1 Re3 29. Bb4 a5 30. Bxd6 Nxd6 31. d5 O-O 32. Rd1 Nb5 33. Kb2 Nc3
34. Rd4 Nxd5 35. Rc4 Nb4 36. Ba4 d5 37. Rc7 Re2+ 38. Kc3 b5 39. Bd1 Re3+ 40. Kd2
Rd3+ 41. Ke2 a4 42. Ra7 f6 43. g4 Rc8 44. g5 Rcc3 45. Nh4 Re3+ 46. Kf2 fxg5 47.
fxg5 e5 48. Ra8+ Kf7 49. Ra7+ Ke8 50. Rxg7 Nd3+ 51. Kg2 Nf4+ 52. Kf2 a3 53. Rxh7
a2 54. Ra7 Ra3 0-1

[Event "Reykjavik Open 2024"]
[Site "Reykjavik ISL"]
[Date "2024.03.20"]
[Round "8.105"]
[White "Larson, Gerald"]
[Black "Chilton, James I"]
[Result "0-1"]
[WhiteElo "1987"]
[BlackElo "1823"]
[WhiteFideId "2018756"]
[BlackFideId "423009"]
[EventDate "2024.03.15"]

1. e4 c5 2. Nf3 e6 3. d4 cxd4 4. Nxd4 Nc6 5. Nc3 a6 6. Be3 Qc7 7. a3 Nf6 8. Be2
b5 9. Nxc6 dxc6 10. O-O Bb7 11. f3 c5 12. Qe1 Bd6 13. g3 O-O 14. Qf2 Nd7 15.
Rfd1 Be5 16. Bf1 f5 17. Bh3 Rf6 18. Qd2 Nb6 19. b3 fxe4 20. f4 Bxc3 21. Qxc3 Rc8
22. Qe5 Bd5 23. b4 Nd7 24. Qxc7 Rxc7 25. f5 c4 26. Bg5 Rc6 27. Bxf6 Nxf6 28.
fxe6 Bxe6 29. Bxe6+ Rxe6 30. Rd8+ Kf7 31. Re1 Ke7 32. Ra8 Nd5 33. Ra7+ Kf6 34.
Rf1+ Ke5 35. Rxg7 Ne3 36. Rf2 Rd6 37. Re7+ Kd5 38. Rd2+ Kc6 39. Rxd6+ Kxd6 40.
Rxh7 Nxc2 41. Kf1 Nxa3 42. Rh6+ Kd5 43. Rxa6 Nc2 44. Rb6 Nd4 45. Rb8 e3 46. h4
c3 47. Rd8+ Kc4 48. h5 c2 49. Rc8+ Kd3 50. h6 e2+ 51. Kf2 Kd2 52. Rxc2+ Nxc2 0-1

[Event "Reykjavik Open 2024"]
[Site "Reykjavik ISL"]
[Date "2024.03.20"]
[Round "8.106"]
[White "Magnusdottir, Veronika Steinunn"]
[Black "Grigoriev, Dmitriy"]
[Result "0-1"]
[WhiteElo "1812"]
[BlackElo "1986"]
[WhiteFideId "2309114"]
[BlackFideId "34181676"]
[EventDate "2024.03.15"]

1. e4 e5 2. Nf3 Nf6 3. Nxe5 d6 4. Nf3 Nxe4 5. Nc3 Nxc3 6. dxc3 Be7 7. h3 Nc6 8.
Bd3 Be6 9. O-O O-O 10. Nd4 Nxd4 11. cxd4 Qd7 12. Qh5 g6 13. Qf3 c6 14. Bh6 Rfe8
15. Rfe1 b5 16. Be4 Rac8 17. c3 d5 18. Bd3 Qd8 19. Qg3 Bf8 20. Bg5 f6 21. Bf4
Qd7 22. h4 Bf5 23. Be2 Re7 24. h5 Rce8 25. Be3 g5 26. Qf3 h6 27. a4 a6 28. axb5
axb5 29. Ra6 Bg7 30. Rea1 Bh7 31. g4 f5 32. gxf5 Bxf5 33. Ra7 Qe6 34. R7a6 Rf7
35. Qg3 Bf8 36. Bxb5 Bd6 37. Qg2 Be4 38. Qf1 Qg4+ 0-1

[Event "Reykjavik Open 2024"]
[Site "Reykjavik ISL"]
[Date "2024.03.20"]
[Round "8.107"]
[White "Vollmar, Timo"]
[Black "Petursson, Gudni"]
[Result "1/2-1/2"]
[WhiteElo "1809"]
[BlackElo "1983"]
[WhiteFideId "16253582"]
[BlackFideId "2301725"]
[EventDate "2024.03.15"]

1. e4 e6 2. d4 d5 3. Bd3 Nf6 4. e5 Nfd7 5. c3 c5 6. Ne2 Nc6 7. O-O Qb6 8. Bc2
cxd4 9. cxd4 Be7 10. Nbc3 O-O 11. Qd3 g6 12. a3 a5 13. Be3 Qd8 14. f4 f5 15.
exf6 Nxf6 16. Rac1 Bd6 17. Bb3 Ne7 18. Ng3 b6 19. Rfe1 Ng4 20. Nge2 Ba6 21. Qd2
Nf5 22. Bf2 Nxf2 23. Kxf2 Qh4+ 24. Kg1 Kh8 25. g3 Qh3 26. Na4 Rab8 27. Rc6 Bb5
28. Rc3 Qg4 29. Nc1 Nh6 30. Bd1 Qf5 31. Rce3 Bd7 32. Nc3 Qf6 33. Bc2 b5 34. N3e2
b4 35. Nd3 Nf5 36. Ne5 Bb5 37. Bxf5 gxf5 38. Nc1 Rfe8 1/2-1/2

[Event "Reykjavik Open 2024"]
[Site "Reykjavik ISL"]
[Date "2024.03.20"]
[Round "8.108"]
[White "Field, Rowan Soraya"]
[Black "Heppert, Lars"]
[Result "0-1"]
[WhiteElo "1806"]
[BlackElo "1981"]
[WhiteFideId "30941326"]
[BlackFideId "24668575"]
[EventDate "2024.03.15"]

1. e4 d6 2. d4 Nf6 3. Nc3 Nbd7 4. Nf3 e5 5. Bc4 Be7 6. h3 c6 7. Be3 h6 8. Qd2
Qc7 9. Bd3 b5 10. Ne2 Bb7 11. Ng3 O-O-O 12. c3 d5 13. Qc2 g6 14. O-O dxe4 15.
Nxe4 Nxe4 16. Bxe4 f5 17. Bd3 e4 18. Bxe4 fxe4 19. Qxe4 Nf6 20. Qxg6 Kb8 21. Ne5
Rdg8 22. Qf5 c5 23. f3 Bc8 24. Qd3 c4 25. Qd2 Bxh3 26. Rf2 Nd5 27. Bxh6 Bd6 28.
g4 Qh7 29. a3 Qxh6 30. Qxh6 Rxh6 31. Nf7 Rf6 32. Nxd6 Rxd6 33. Kh2 Bxg4 34. fxg4
Rxg4 35. Rf3 Nf4 0-1

[Event "Reykjavik Open 2024"]
[Site "Reykjavik ISL"]
[Date "2024.03.20"]
[Round "8.109"]
[White "Hermannsson, Sigurbjorn"]
[Black "Omarsson, Adam"]
[Result "0-1"]
[WhiteElo "1791"]
[BlackElo "1976"]
[WhiteFideId "2325128"]
[BlackFideId "2311453"]
[EventDate "2024.03.15"]

1. e4 c5 2. Nf3 d6 3. d4 cxd4 4. Nxd4 Nf6 5. Nc3 a6 6. Be3 e5 7. Nb3 Be7 8. f3
O-O 9. Qd2 Be6 10. O-O-O Nbd7 11. g4 b5 12. g5 Nh5 13. Kb1 Nb6 14. Nd5 Bxd5 15.
exd5 Nc4 16. Bxc4 bxc4 17. Na5 c3 18. Qxc3 Bxg5 19. Nc6 Qf6 20. Bxg5 Qxg5 21. h4
Qf6 22. Rdg1 Nf4 23. Qc4 Kh8 24. h5 Qf5 25. Ne7 Qd7 26. Nc6 Rac8 27. Rg4 Nxd5
28. Qxd5 Qxc6 29. Qd3 f5 30. Rg2 Rc7 31. Rhg1 d5 32. f4 e4 33. Qd4 Qc5 34. Qe5
Re7 35. h6 Rxe5 36. hxg7+ Kg8 37. gxf8=Q+ Kxf8 38. Rg8+ Kf7 39. fxe5 f4 40.
R1g7+ Ke6 41. Re8+ Kf5 42. e6 Qb5 43. Rf8+ Kxe6 44. Rxf4 Qe2 45. b3 Qd1+ 0-1

[Event "Reykjavik Open 2024"]
[Site "Reykjavik ISL"]
[Date "2024.03.20"]
[Round "8.110"]
[White "Potter, Alexander"]
[Black "MacArthur, John"]
[Result "0-1"]
[WhiteElo "1782"]
[BlackElo "1962"]
[WhiteFideId "343422594"]
[BlackFideId "2005352"]
[EventDate "2024.03.15"]

1. d4 Nf6 2. c4 g6 3. f3 c5 4. dxc5 Qa5+ 5. Nc3 Qxc5 6. e4 Bg7 7. Qd3 O-O 8.
Nge2 Nc6 9. Ng3 d6 10. Be3 Nb4 11. Bxc5 Nxd3+ 12. Bxd3 dxc5 13. e5 Nd7 14. f4
Rd8 15. O-O-O Bh6 16. Nd5 e6 17. Nc7 Bxf4+ 18. Kc2 Rb8 19. Nb5 a6 20. Nc3 Bxe5
21. Rhe1 Bc7 22. Nge4 b6 23. h4 Bb7 24. h5 Kg7 25. Rf1 Ne5 26. hxg6 hxg6 27. Rd2
Rd4 28. b3 Rbd8 29. Rfd1 Ng4 30. Re1 Bf4 0-1

[Event "Reykjavik Open 2024"]
[Site "Reykjavik ISL"]
[Date "2024.03.20"]
[Round "8.111"]
[White "Hu, Zhening"]
[Black "He, Junchen"]
[Result "0-1"]
[WhiteElo "1776"]
[BlackElo "1956"]
[WhiteFideId "8622795"]
[BlackFideId "8642427"]
[EventDate "2024.03.15"]

1. d4 Nf6 2. c4 c5 3. d5 b5 4. cxb5 a6 5. bxa6 g6 6. Nc3 Bg7 7. e4 O-O 8. Nf3
Qa5 9. Nd2 Bxa6 10. Bxa6 Qxa6 11. Qe2 d6 12. Qxa6 Nxa6 13. Nc4 Rfb8 14. a3 Nb4
15. O-O Nd3 16. Rd1 Nxc1 17. Raxc1 Ng4 18. Rd2 Bh6 19. Rcc2 Bxd2 20. Rxd2 Rb3
21. f3 Nf6 22. Kf2 Nd7 23. Nd1 Ra4 24. Rc2 f5 25. Nde3 f4 26. Nf1 Rxc4 27. Rxc4
Rxb2+ 28. Kg1 Ne5 29. Rc3 g5 30. Rc1 c4 31. a4 Ra2 32. a5 Kf7 33. a6 Ke8 34. h3
Rxa6 35. Nd2 Ra4 36. Rc2 Kd7 37. Kf2 Kc7 38. Nb3 Kb6 39. Nd4 Kc5 40. Ne6+ Kb4
41. Ke2 c3 42. Kd1 Nc4 0-1

[Event "Reykjavik Open 2024"]
[Site "Reykjavik ISL"]
[Date "2024.03.20"]
[Round "8.112"]
[White "Niebler, Paul"]
[Black "Petersen, Elias"]
[Result "0-1"]
[WhiteElo "1955"]
[BlackElo "1808"]
[WhiteFideId "12902730"]
[BlackFideId "7202725"]
[EventDate "2024.03.15"]

1. e4 c5 2. Nf3 e6 3. d4 cxd4 4. Nxd4 a6 5. Nc3 d6 6. Qf3 Nd7 7. Be3 Ngf6 8. g4
Ne5 9. Qg3 Nexg4 10. Bd2 b5 11. O-O-O e5 12. Bg2 exd4 13. e5 dxc3 14. Bxa8 cxd2+
15. Rxd2 Nxe5 16. Re1 Be6 17. Qg2 Be7 18. Rxe5 O-O 19. Bf3 Qa5 20. Rg5 g6 21. c3
Qxa2 22. Kd1 Bc4 23. Ke1 Bd8 0-1

[Event "Reykjavik Open 2024"]
[Site "Reykjavik ISL"]
[Date "2024.03.20"]
[Round "8.113"]
[White "Thorsteinsdottir, Hallgerdur"]
[Black "Joensen, Henrik W."]
[Result "1-0"]
[WhiteTitle "WFM"]
[WhiteElo "1953"]
[BlackElo "1751"]
[WhiteFideId "2302454"]
[BlackFideId "7203780"]
[EventDate "2024.03.15"]

1. e4 c5 2. Nf3 Nc6 3. Bb5 e6 4. O-O Nge7 5. d4 cxd4 6. Nxd4 a6 7. Be2 d5 8.
Nxc6 bxc6 9. exd5 cxd5 10. c3 Nc6 11. Bf4 e5 12. Bg3 Be7 13. c4 Qb6 14. cxd5
Qxb2 15. Nd2 Nd8 16. Nc4 Qd4 17. Bxe5 Qxd1 18. Rfxd1 f6 19. Nb6 fxe5 20. Nxa8
O-O 21. d6 Bf6 22. Nb6 Nc6 23. Nxc8 Rxc8 24. Rac1 e4 25. Bxa6 1-0

[Event "Reykjavik Open 2024"]
[Site "Reykjavik ISL"]
[Date "2024.03.20"]
[Round "8.114"]
[White "Tan, Chong Hien Andrew"]
[Black "Arndt, Uwe"]
[Result "1-0"]
[WhiteElo "1762"]
[BlackElo "1951"]
[WhiteFideId "5807794"]
[BlackFideId "24647713"]
[EventDate "2024.03.15"]

1. c4 e6 2. g3 d5 3. Bg2 Nf6 4. Nf3 Be7 5. O-O O-O 6. b3 c5 7. cxd5 exd5 8. d4
b6 9. Nc3 Bb7 10. Bb2 Nbd7 11. Rc1 Rc8 12. Re1 cxd4 13. Nxd4 Nc5 14. Nf5 Re8 15.
Nxe7+ Rxe7 16. Nb5 Rd7 17. Nd4 Ne6 18. Rxc8 Qxc8 19. Bh3 Rc7 20. Nf5 Qd8 21. Be5
Rd7 22. Nd4 Qe7 23. Qa1 Ne8 24. Rc1 Rd8 25. Nc6 Bxc6 26. Rxc6 Ng5 27. Bf1 d4 28.
Bf4 Ne6 29. Qc1 Nf6 30. Rc8 Nd5 31. Bd2 Nc5 32. Rxd8+ Qxd8 33. Qc2 h6 34. b4 Ne6
35. Bg2 Qd6 36. Qc8+ Kh7 37. Be4+ g6 38. Qc4 Nf6 39. Bd3 Kg7 40. a4 Qe5 41. a5
bxa5 42. bxa5 Qh5 43. Kg2 Ng4 44. h3 Nf6 45. a6 Qe5 46. e3 Ne4 47. Bxe4 Qxe4+
48. f3 Qe5 49. exd4 Qd6 50. Bb4 Qb6 51. d5 Nc7 52. d6 Nxa6 53. Bc3+ f6 54. Qe6
Qd8 55. d7 Kf8 56. Bxf6 Nc7 57. Qd6+ 1-0

[Event "Reykjavik Open 2024"]
[Site "Reykjavik ISL"]
[Date "2024.03.20"]
[Round "8.115"]
[White "Liagre, Nicolas Gonzague Henri"]
[Black "Ragnarsson, Johann"]
[Result "1/2-1/2"]
[WhiteElo "1698"]
[BlackElo "1948"]
[WhiteFideId "6002390"]
[BlackFideId "2301040"]
[EventDate "2024.03.15"]

1. e4 c6 2. d4 d5 3. Nd2 dxe4 4. Nxe4 Bf5 5. Ng3 Bg6 6. h4 h6 7. N1e2 e6 8. Nf4
Bh7 9. c3 Nf6 10. Bd3 Bxd3 11. Nxd3 Nbd7 12. Qf3 Qc7 13. Nh5 Nxh5 14. Qxh5 c5
15. Be3 c4 16. Ne5 Nxe5 17. Qxe5 O-O-O 18. Qxc7+ Kxc7 19. Bf4+ Kc6 20. O-O-O b5
21. b4 Bd6 22. Bxd6 Kxd6 23. Kc2 a5 24. Rb1 axb4 25. Rxb4 Ra8 26. Rxb5 Rxa2+ 27.
Rb2 Rha8 28. Rb1 Kd5 29. Re1 f6 30. f3 Ra1 31. Rb5+ Kc6 32. Rc5+ Kd6 33. Rxa1
Rxa1 34. Rxc4 Ra2+ 35. Kd3 Rxg2 36. Ra4 Rg3 37. Ra6+ Kd7 38. Ra7+ Kc6 39. Ra6+
Kb5 40. Rxe6 Rxf3+ 41. Re3 Rf1 42. Re7 g5 43. hxg5 hxg5 44. c4+ Kc6 45. d5+ Kd6
46. Re6+ Kd7 47. c5 g4 48. c6+ Kc7 49. Re7+ Kb6 50. Rb7+ Ka6 51. Rb2 Rc1 52. Ke4
g3 53. Kf5 Rc5 54. Ke6 f5 55. Kxf5 Rxd5+ 56. Kg4 1/2-1/2

[Event "Reykjavik Open 2024"]
[Site "Reykjavik ISL"]
[Date "2024.03.20"]
[Round "8.116"]
[White "Stark, John"]
[Black "Johannsson, Markus Orri"]
[Result "1-0"]
[WhiteTitle "CM"]
[WhiteElo "1947"]
[BlackElo "1758"]
[WhiteFideId "4300963"]
[BlackFideId "2318539"]
[EventDate "2024.03.15"]

1. d4 Nf6 2. c4 e6 3. Nf3 d5 4. Nc3 dxc4 5. e3 c5 6. Bxc4 a6 7. a4 Nc6 8. O-O
cxd4 9. exd4 Nb4 10. Bg5 Be7 11. Qb3 Qd6 12. Rad1 Nfd5 13. Bxe7 Kxe7 14. Ne4 Qf4
15. Bxd5 Nxd5 16. Qa3+ Kd8 17. Nd6 Ne7 18. Ne5 Rf8 19. Nxb7+ 1-0

[Event "Reykjavik Open 2024"]
[Site "Reykjavik ISL"]
[Date "2024.03.20"]
[Round "8.117"]
[White "Gulbinski, Michal"]
[Black "Doran, Chris"]
[Result "0-1"]
[WhiteElo "1671"]
[BlackElo "1947"]
[WhiteFideId "21086079"]
[BlackFideId "503835"]
[EventDate "2024.03.15"]

1. d4 Nf6 2. Nf3 g6 3. Bf4 Bg7 4. h3 c5 5. c3 cxd4 6. cxd4 d6 7. Nc3 O-O 8. e3
b6 9. Be2 Bb7 10. O-O Nd5 11. Nxd5 Bxd5 12. Bh2 Qd7 13. a4 Qb7 14. Re1 Nc6 15.
Bf1 Nb4 16. Qd2 a5 17. Rec1 h6 18. Ne1 Na2 19. Rd1 Rac8 20. e4 Bb3 21. Rdb1 Qxe4
22. Nf3 Rc2 23. Re1 Rxd2 24. Rxe4 Rxb2 25. Rxe7 Rd8 26. Rb7 Bd5 27. Rc7 Bxf3 28.
gxf3 Bxd4 29. Bc4 d5 30. Bxa2 Rxf2 31. Rd1 Rd2+ 32. Kf1 Rxd1+ 33. Ke2 Ra1 0-1

[Event "Reykjavik Open 2024"]
[Site "Reykjavik ISL"]
[Date "2024.03.20"]
[Round "8.118"]
[White "Schmidt, Florian Pascal"]
[Black "Sveinsson, Gudmundur Peng"]
[Result "1-0"]
[WhiteElo "1947"]
[BlackElo "1620"]
[WhiteFideId "16256840"]
[BlackFideId "2314550"]
[EventDate "2024.03.15"]

1. Nf3 d5 2. e3 Nf6 3. c4 e6 4. Nc3 c6 5. b3 Bd6 6. d4 O-O 7. Bd3 b6 8. O-O Nbd7
9. Bb2 Bb7 10. Qc2 Rc8 11. Rfe1 dxc4 12. Bxc4 c5 13. Qe2 Bb8 14. Ba6 Qc7 15.
Bxb7 Qxb7 16. Rad1 Rfd8 17. h3 h6 18. Ba1 Qc6 19. Qb2 a6 20. d5 Qd6 21. e4 Ne5
22. Nxe5 Qxe5 23. g3 Qh5 24. Kg2 Be5 25. Qc2 exd5 26. Nxd5 Nxd5 27. Rxd5 Rxd5
28. exd5 Bxa1 29. Rxa1 Qxd5+ 30. Kg1 Rd8 31. Re1 Qd2 32. Re8+ 1-0

[Event "Reykjavik Open 2024"]
[Site "Reykjavik ISL"]
[Date "2024.03.20"]
[Round "8.122"]
[White "Stenzel, Thomas"]
[Black "Held, Jesper"]
[Result "1-0"]
[WhiteElo "2175"]
[BlackElo "1793"]
[WhiteFideId "4632770"]
[BlackFideId "1092146"]
[EventDate "2024.03.15"]

1. e4 c5 2. Nf3 e6 3. d3 d5 4. Nbd2 Nc6 5. g3 b6 6. Bg2 Bb7 7. O-O Be7 8. Re1
Rb8 9. c3 Nf6 10. Qc2 d4 11. e5 dxc3 12. bxc3 Nd7 13. d4 cxd4 14. cxd4 O-O 15.
Ne4 Nb4 16. Qb3 Bd5 17. Qb1 Qc7 18. Bg5 f6 19. Rc1 Bxe4 20. Rxc7 Bxb1 21. Rxb1
fxg5 22. Rxd7 Nd5 23. Nd2 Ba3 24. Nc4 Nc3 25. Rb3 Ne2+ 26. Kf1 Bc1 27. Kxe2 Rbc8
28. Rc3 Bb2 29. Rc2 b5 30. Rxb2 Rxc4 31. Be4 a6 32. Bd3 Rc1 33. a4 bxa4 34. Rbb7
Ra8 35. Rxg7+ Kf8 36. Rxh7 Kg8 37. Rhc7 Rh1 38. Be4 Rxh2 39. Rb4 a5 40. Bxa8
axb4 41. Rc4 Rh7 42. Rc8+ Kg7 43. Rc7+ Kh6 44. Rxh7+ Kxh7 45. Kd3 a3 46. Kc2 g4
47. Be4+ Kg7 48. Kb3 1-0

[Event "Reykjavik Open 2024"]
[Site "Reykjavik ISL"]
[Date "2024.03.20"]
[Round "8.123"]
[White "Mercure, Gilbert"]
[Black "Rittmann, Dirk"]
[Result "0-1"]
[WhiteElo "1804"]
[BlackElo "2103"]
[WhiteFideId "2629585"]
[BlackFideId "4629574"]
[EventDate "2024.03.15"]

1. e4 c5 2. Nc3 Nc6 3. Nf3 d6 4. d4 cxd4 5. Nxd4 Nf6 6. Bb5 Bd7 7. O-O g6 8.
Nxc6 bxc6 9. Be2 Bg7 10. Be3 O-O 11. Qd2 Qa5 12. Bh6 Bxh6 13. Qxh6 Rab8 14. Rab1
Bg4 15. f3 Be6 16. a3 Qc5+ 17. Kh1 Bc4 18. b4 Qd4 19. Bxc4 Qxc3 20. Bb3 a5 21.
Rfd1 axb4 22. Rd3 Qc5 23. axb4 Rxb4 24. Qd2 Rfb8 25. Rc3 Qb6 26. Rd1 Kg7 27. Qf4
Nd5 28. Bxd5 cxd5 29. h4 dxe4 30. fxe4 Qa5 31. Rf1 f5 32. Qg5 Rxe4 33. Rc4 Qb5
34. Rxe4 Qxf1+ 35. Kh2 fxe4 36. Qxe7+ Qf7 37. Qxd6 Re8 38. h5 Qe6 39. h6+ Kh8 0-1

[Event "Reykjavik Open 2024"]
[Site "Reykjavik ISL"]
[Date "2024.03.20"]
[Round "8.124"]
[White "Jelsma, Remco"]
[Black "Bertola, Georges"]
[Result "0-1"]
[WhiteElo "1802"]
[BlackElo "2010"]
[WhiteFideId "1085778"]
[BlackFideId "1307967"]
[EventDate "2024.03.15"]

1. d4 Nf6 2. Nc3 d5 3. Bf4 g6 4. e3 Bg7 5. h4 c5 6. Nb5 Na6 7. Nf3 Bg4 8. a4 O-O
9. Be2 cxd4 10. exd4 Re8 11. O-O Ne4 12. Ne5 Bxe2 13. Qxe2 f6 14. Ng4 e5 15. Bh6
exd4 16. Bxg7 Kxg7 17. Qd3 Nac5 18. Qxd4 Ne6 19. Qe3 a6 20. Nc3 Nxc3 21. Qh6+
Kg8 22. bxc3 Ng7 23. Rad1 Re6 24. Qd2 Rc8 25. Qxd5 Qxd5 26. Rxd5 h5 27. Nh6+ Kf8
28. Rd7 Re7 29. Rfd1 Rxc3 30. Rd8+ Ne8 31. R1d7 Rxd7 32. Rxd7 Rc7 0-1

[Event "Reykjavik Open 2024"]
[Site "Reykjavik ISL"]
[Date "2024.03.20"]
[Round "8.125"]
[White "Gudnyjarson, Sigurdur Pall"]
[Black "Dietzsch, Herbert"]
[Result "1/2-1/2"]
[WhiteElo "1789"]
[BlackElo "1998"]
[WhiteFideId "2321637"]
[BlackFideId "4608364"]
[EventDate "2024.03.15"]

1. d4 Nf6 2. c4 e6 3. g3 d5 4. Bg2 c6 5. Nf3 Nbd7 6. O-O Bd6 7. Qc2 O-O 8. Nbd2
Re8 9. e4 dxe4 10. Nxe4 Nxe4 11. Qxe4 e5 12. dxe5 Nxe5 13. Nxe5 Bxe5 14. Qc2 Qf6
15. Re1 Bf5 16. Be4 Bd4 17. Bg5 Qxg5 18. Bxf5 g6 19. Bh3 Qf6 1/2-1/2

[Event "Reykjavik Open 2024"]
[Site "Reykjavik ISL"]
[Date "2024.03.20"]
[Round "8.126"]
[White "Visser, Wouter"]
[Black "Thorisson, Benedikt"]
[Result "0-1"]
[WhiteElo "1789"]
[BlackElo "1992"]
[WhiteFideId "1082566"]
[BlackFideId "2314576"]
[EventDate "2024.03.15"]

1. d4 Nf6 2. Nf3 g6 3. c4 Bg7 4. Nc3 d5 5. cxd5 Nxd5 6. e4 Nxc3 7. bxc3 c5 8.
Be3 O-O 9. Qd2 Qa5 10. h3 cxd4 11. cxd4 Qxd2+ 12. Bxd2 Nc6 13. Bc3 Rd8 14. Rd1
Be6 15. Rd2 Rac8 16. Be2 Nb8 17. Bb2 Bh6 0-1

[Event "Reykjavik Open 2024"]
[Site "Reykjavik ISL"]
[Date "2024.03.20"]
[Round "8.127"]
[White "Wedenberg, Oliver"]
[Black "Haraldsson, Haraldur"]
[Result "1/2-1/2"]
[WhiteElo "1780"]
[BlackElo "1991"]
[WhiteFideId "1767909"]
[BlackFideId "2311100"]
[EventDate "2024.03.15"]

1. e4 c5 2. a3 e6 3. b4 cxb4 4. axb4 Bxb4 5. c3 Be7 6. d4 Nf6 7. e5 Nd5 8. Qg4
g6 9. Bh6 Qb6 10. Nd2 Qb2 11. Rb1 Qxc3 12. Nf3 Nb4 13. Be2 Nd3+ 14. Kf1 Nc6 15.
g3 Ncb4 16. Kg2 Qc6 17. Ne4 b6 18. Nfg5 Bb7 19. Bf3 Qc8 20. Bg7 h5 21. Qh4 Rg8
22. Bf6 Bf8 23. Bd8 Qc2 24. Nf6+ Kxd8 25. Nxf7+ Kc7 26. Bxb7 Qxf2+ 27. Kh3 Qf5+
28. Kg2 Qf2+ 29. Kh3 Qf5+ 30. Kg2 Qf2+ 1/2-1/2

[Event "Reykjavik Open 2024"]
[Site "Reykjavik ISL"]
[Date "2024.03.20"]
[Round "8.128"]
[White "Heer, Stephan"]
[Black "Koletzko, Leon"]
[Result "1-0"]
[WhiteElo "1987"]
[BlackElo "1777"]
[WhiteFideId "1302345"]
[BlackFideId "34644334"]
[EventDate "2024.03.15"]

1. d4 Nf6 2. c4 e5 3. dxe5 Ng4 4. Nf3 Nc6 5. Nc3 Ncxe5 6. Nxe5 Nxe5 7. e3 Bb4 8.
Bd2 d6 9. a3 Bxc3 10. Bxc3 O-O 11. Qd4 Bf5 12. Rd1 b6 13. Qf4 Qf6 14. Qg3 Qg6
15. Bxe5 dxe5 16. Qxe5 Bc2 17. Rc1 c5 18. Qc3 Ba4 19. h4 Rad8 20. Rh3 Qg4 21. b3
Bxb3 22. Qxb3 Rfe8 23. Qc3 g6 24. h5 Rd7 25. hxg6 fxg6 26. Rg3 Qh5 27. Rh3 Qg4
28. f3 Qg5 29. Kf2 Red8 30. Be2 Rd2 31. Rc2 R2d6 32. f4 Qf5 33. Kg1 Qe4 34. Bf3
Qf5 35. Bd5+ Kf8 36. Qh8+ 1-0